000
00210nam a22001097a 4500
041
_a
eng
080
_a
81.1
090
_b
BER
100
_a
Lerlizon, S.
245
_a
English Verbal Collocations
999
_c
280504
_d
280504
942
_c
BK